000
00253nam a2200097Ia 4500
005
20250424112925.0
008
250424s9999 xx 000 0 und d
300
_a
v. , 246 p. : ill. ; 26 cm.
650
_a
Economics--Periodicals. Economie.
942
_c
SR
999
_c
37904
_d
37904